[Event "Hastings 9697"]
[Site "Hastings"]
[Date "1996.??.??"]
[Round "8"]
[White "Hebden, Mark"]
[Black "Nunn, John DM"]
[Result "1-0"]
[WhiteElo "2530"]
[BlackElo "2605"]
[Annotator "Psakhis,L"]
[PlyCount "75"]
[EventDate "1996.12.??"]
[EventType "tourn"]
[EventRounds "9"]
[EventCountry "ENG"]
[EventCategory "13"]
[SourceTitle "CBM 057"]
[Source "ChessBase"]
[SourceDate "1997.04.01"]
[SourceVersion "1"]
[SourceVersionDate "1997.04.01"]
[SourceQuality "1"]

1. d4 Nf6 2. Nf3 g6 3. Nc3 d5 4. Bf4 Bg7 5. e3 O-O 6. Be2 {Mark Hebden has big
experience in this rare variation.} c5 (6... b6 $5) 7. Ne5 Nc6 ({White keeps
little advantage after} 7... cxd4 8. exd4 e6 9. O-O Nfd7 10. Re1 Nxe5 11. Bxe5
Bh6 (11... Bxe5 12. dxe5 $14) 12. Nb5 Nc6 13. Bd6 Re8 14. Bg3 $14 {1-0
Balashov,Y-Gufeld,E/SSSR-ch 1969 (65)}) 8. O-O cxd4 9. exd4 Qb6 10. Nxc6 bxc6 {
[%csl Yc5,Ye5] N/} ({Deserve attention} 10... Qxc6 $5 11. Bf3 Ne4 (11... Bf5 $5
12. Re1 Rfe8 $11) 12. Bxe4 dxe4 13. Re1 f5 14. d5 Qb6 15. d6 exd6 16. Bxd6 Re8
$15 {0-1 Sznapik,K-Apicella,M/Avoine op 1996 (39)}) 11. Na4 Qa5 12. c3 Nd7 (
12... Ba6 $5 13. Nc5 Nh5 $1 14. Bg5 (14. Bxa6 Nxf4 15. Re1 e5 16. b4 Qc7 $13)
14... Bxe2 15. Qxe2 Rfe8 $11) 13. b4 Qd8 14. Qd2 e5 (14... a5 $5 $13) 15. Bh6
Bxh6 16. Qxh6 Re8 (16... a5 $5 17. b5 cxb5 18. Bxb5 Ba6) 17. Rfe1 Rb8 18. dxe5
Rxe5 19. Qd2 $14 a5 20. Bf1 axb4 21. cxb4 Qf6 (21... Qh4 22. a3 $14) 22. Rxe5
Nxe5 (22... Qxe5 $5 23. Re1 Qd6 24. a3 (24. Re8+ Kg7 25. a3 Nf6) 24... Ra8 25.
Nc3 Nf6) 23. Re1 Kg7 24. Nc5 {[%csl Gc5][%cal Ra2a7] White advantage is clear
now.Black has no compensation for pass a pawn and strong position knight on c5.
} Bf5 25. a3 (25. a4 $5) 25... d4 $2 {This effort to organize counterplay just
produced additional weakness .} (25... Rd8 $142 {/\d5-d4} 26. Nb3 {/\Nb3-d4} d4
$11) 26. f4 $1 Nd7 (26... Ng4 $5) 27. Nxd7 Bxd7 28. Re5 $1 (28. Re4 c5 $1 29.
bxc5 Rb1 $1 $15) 28... c5 ({Maybe} 28... Qd6 29. Re4 c5 30. bxc5 Qxc5 31. Qxd4+
Qxd4+ 32. Rxd4 $16 {gives better chances for survival.}) 29. Rxc5 Bf5 30. Rd5
d3 $6 (30... Rd8 31. Rxd8 Qxd8 32. Bd3) (30... Ra8 $5 31. Qb2 Be4 32. Rxd4 Rxa3
33. Rd2 $16) 31. Bxd3 Qa1+ 32. Bf1 Qxa3 (32... Ra8 33. Ra5 Rxa5 34. bxa5 Qxa3
35. Qd4+ Kh6 36. a6 $18) 33. Qd4+ f6 (33... Kh6 34. Rxf5 $1 Rxb4 35. Rh5+ $1
Kxh5 36. Qc5+ Kh6 37. Qf8+ Kh5 38. Be2+ $18) (33... Kg8 34. Rd8+ (34. b5 $5)
34... Rxd8 35. Qxd8+ Kg7 36. Qd4+ f6 37. b5 $18) 34. Rd6 $6 Qxb4 (34... Rf8 35.
b5) 35. Qxf6+ Kh6 (35... Kg8 $5 36. Rc6 Rc8 37. Bc4+ Qxc4 38. Rxc4 Rxc4 39.
Qd8+ Kf7) 36. h3 Qxf4 $4 {Final mistake.Of course, black's position is very
difficult, but this move lose immediately.} (36... Re8 $5 $14) 37. Rd4 $18 Qe3+
38. Kh2 1-0

[Event "Koop Tjuchem"]
[Site "Groningen"]
[Date "1996.??.??"]
[Round "3"]
[White "Hodgson, Julian M"]
[Black "Sokolov, Ivan"]
[Result "1-0"]
[WhiteElo "2550"]
[BlackElo "2670"]
[Annotator "Psakhis,L"]
[PlyCount "77"]
[EventDate "1996.12.20"]
[EventType "tourn"]
[EventRounds "11"]
[EventCountry "NED"]
[EventCategory "16"]
[SourceTitle "CBM 057"]
[Source "ChessBase"]
[SourceDate "1997.04.01"]
[SourceVersion "1"]
[SourceVersionDate "1997.04.01"]
[SourceQuality "1"]

1. d4 d5 2. Bg5 c5 3. dxc5 f6 4. Bh4 e5 (4... e6 5. e4 Bxc5 6. Nc3 Ne7 7. Qh5+
g6 8. Qh6 d4 9. O-O-O Nd7 10. Na4 $36 {1-0 Hodgson,J-Strijbos,M/NLD t-ch 1996 
(48)}) 5. e4 (5. Nf3) 5... Be6 {N/ New move, but I am not sure, that it
stronger than 4... d4.} (5... d4 6. Bc4 Bxc5 7. Ne2 Qb6 8. Nd2 Be6 9. Bxe6 Qxe6
10. Nb3 Bb6 11. f4 Ne7 12. fxe5 fxe5 13. Rf1 Nbc6 14. Qd3 O-O-O $11 {1/2-1/2
Mohrlok,D-Beikert,G/BL 1993 (22)}) (5... dxe4 6. Qxd8+ Kxd8 7. Nc3 Bxc5 8.
O-O-O+ Nd7 9. Nxe4 Be7 10. f4 $1 exf4 11. Nf3 Kc7 12. Nc3 $1 Nb6 13. a4 Bb4 14.
a5 $1 Bxa5 15. Nb5+ $36 {1-0 Hodgson,Ju-Van Wely,L/Horgen II 65/350 1995 (78)})
6. exd5 Qxd5 7. Qxd5 Bxd5 8. Nc3 $32 {White getting now advantage in
development and Black,s defence not easy.} Be6 (8... Bc6 9. b4 a5 $140 10. b5
Bd7 11. Nd5 Kd8 12. f4 $36 (12. Nf3 $5 g5 13. Nxg5 fxg5 14. Bxg5+ Be7 15. Nxe7
Nxe7 16. Bf6 Re8 17. O-O-O)) 9. Nb5 Na6 (9... Kd7 10. Nd6) 10. f4 (10. Nd6+ $5
Bxd6 11. cxd6 Nb4 12. O-O-O {looks very strong.}) 10... Bxc5 11. fxe5 fxe5 12.
O-O-O {[%csl Ya6,Ye8][%cal Rb5d6] Active position of all white's pieces+
terrible knight on a6 guarantee clear advantage of Hodgson.} Nf6 13. Nf3 (13.
Nd6+ Bxd6 14. Rxd6 Ke7 $13) 13... O-O (13... Bxa2 $2 14. b3 e4 15. Ne5 $16) (
13... e4 14. Nfd4 Rd8 15. Be2 $16) 14. Nxe5 Ne4 {Ivan lost pawn and his only
chance now exist in activisation of his pieces.} 15. Nd4 {Keeps advantage, but
stronger} (15. Bc4 $5 Rae8 (15... Bxc4 16. Nxc4 Nf2 17. Bxf2 Rxf2 18. Rd2 Raf8
19. Re1 $16) 16. Rhe1 $16) 15... Bxa2 $1 16. Bxa6 bxa6 17. Rhe1 Nf6 (17... Rf4
18. Ndf3 {[%csl Ye4][%cal Re5d3,Rg2g3]}) 18. Bxf6 $1 Rxf6 19. Nd7 Bxd4 20. Rxd4
Rc6 (20... Rf2 21. b3 (21. Rd2 Rxd2 22. Kxd2 Rd8 23. Re7 Bd5 $14) 21... Rxg2 (
21... Rc8 22. Rd2 Rxd2 23. Kxd2 Rd8 24. Re7 $18) 22. Rd2 Rxd2 23. Kxd2 Rd8 24.
Re7 a5 25. Kc3 a4 26. Kb2 $16) 21. Ne5 Rc5 (21... Rc7 $5) 22. b4 $1 Rc7 (22...
Rb5 23. Nc6 Rb6 24. Nd8 $5 {[%cal Re1e8]}) 23. Kb2 Be6 24. c4 $16 Rf8 25. Kc3
Bc8 26. Red1 {[%csl Ya6,Ya7][%cal Yd4d8]} Re7 27. Nc6 {[%csl Gc6]} Rc7 (27...
Re2 28. R4d2 Re3+ 29. Rd3 Re2 30. R1d2 $16) 28. Na5 {[%cal Rc4c6]} Rf2 29. R1d2
Rf1 30. c5 h6 31. c6 Kf7 32. Kb2 Ke7 33. Re2+ Kf7 (33... Be6 $5) 34. Nc4 Bf5 $6
$138 (34... Be6 $5 35. Nd6+ (35. Ne5+ $5) 35... Ke7 36. Rde4 Kxd6 37. Rxe6+ Kd5
38. R2e5+ Kc4 39. Rd6 $16) 35. Ne3 Re7 (35... Rb1+ $6 36. Ka2 Bg6 37. Rd7+ Rxd7
38. cxd7 Ke7 39. Nc2+ $18) 36. Rdd2 $18 Rb1+ (36... Rf4 37. Nxf5 (37. Rf2 Rxf2
38. Rxf2 Rxe3 39. Rxf5+ Ke8 40. c7 Kd7 41. Rf7+) 37... Rxf5 (37... Rxe2 38.
Rxe2 Rxf5 39. c7 $18) 38. Rxe7+ Kxe7 39. Rd7+ Ke6 40. Rxg7 $18) 37. Ka2 Bg6 (
37... Be4 38. Rd7 Rc1 39. Nf5 $1 $18) 38. Rd7 Rxd7 39. cxd7 (39. cxd7 Ke7 40.
Nc2+) 1-0

[Event "Excelsior Cup"]
[Site "Gothenburg"]
[Date "1997.??.??"]
[Round "7"]
[White "Sjoberg, Mats"]
[Black "Moberg, Karl Johan"]
[Result "0-1"]
[WhiteElo "2430"]
[BlackElo "2335"]
[Annotator "Psakhis,L"]
[PlyCount "104"]
[EventDate "1997.01.??"]
[EventType "tourn"]
[EventRounds "9"]
[EventCountry "SWE"]
[EventCategory "9"]
[SourceTitle "CBM 057"]
[Source "ChessBase"]
[SourceDate "1997.04.01"]
[SourceVersion "1"]
[SourceVersionDate "1997.04.01"]
[SourceQuality "1"]

1. d4 Nf6 2. Nf3 g6 3. Nc3 d5 4. Bf4 Bg7 5. e3 O-O 6. Bd3 c5 7. h3 (7. O-O b6
$13 (7... Nc6 8. dxc5 Qa5 9. Nb5 $1)) 7... Nc6 8. O-O a6 (8... Nh5 9. Bh2 e6
10. Be2 a6 11. a4 Re8 12. Ne5 Nf6 $13 {0-1 Riff,J-Ganguly,S/Wch-jr Mamaia 1991
(38)}) 9. Bh2 c4 10. Be2 b5 11. a3 (11. Ne5 Bb7 12. Bf3) 11... Bb7 12. Nd2 (12.
Ne5) 12... Ne8 13. Bf3 e6 14. b3 Nxd4 $5 {Typical sacrifice. Black getting for
the knight two pawns and initiative- enough compensation.} (14... cxb3 15. cxb3
Rc8 $11) 15. exd4 Bxd4 16. Ndb1 {[%csl Ra1]} (16. Ne2 $5 Bxa1 17. Qxa1 Qe7 $13)
16... Qf6 17. Qd2 Rc8 18. b4 (18. Rc1 {[%csl Ra1,Rb1]}) 18... Ng7 19. a4 (19.
Bf4 Nf5) 19... a5 $1 20. Ra2 (20. Rd1 Nf5 21. Ra2 (21. Bg4 $2 axb4 22. Bxf5
Bxc3 23. Nxc3 bxc3) 21... axb4 22. Nxb5 b3 $13) (20. Bd6 Rfd8 (20... Rfe8 21.
axb5 Nf5 22. Bc5) 21. Be7 $1 Bxf2+ (21... Qxe7 22. Qxd4 axb4 23. Nxb5 Nf5 24.
Qb2 c3 $44) 22. Rxf2 Qxe7 23. bxa5 b4 24. Na2 c3) 20... axb4 21. Nxb5 Bc5 22.
Bd6 (22. Nd6 $5 Rb8 23. Re1 Ba6 24. Be5 $14) 22... c3 23. Qd3 Rfd8 24. Bxc5
Rxc5 $44 25. Qe3 Qe7 26. Nd4 (26. Qf4 Rc4) 26... e5 27. Re1 f6 28. a5 Ba6 29.
Ra4 Rc7 $1 (29... Qe8 $6 30. Rxb4 exd4 31. Qxe8+ Rxe8 32. Rxe8+ Nxe8 33. Rxd4
$14) 30. Nb3 d4 {Pawns are moving slowly but surely! White has less and less
space.} 31. Qe4 Ne6 32. Qh4 (32. Be2 Ng5 33. Qg4 f5 34. Qg3 f4 $1 35. Qh2 (35.
Qg4 $2 h5) 35... Bxe2 36. Rxe2 d3 37. cxd3 Rxd3 $1 38. Re1 Rxh3 $1 $19) 32...
Kg7 (32... Ng5) 33. Bd1 Bc4 34. Nc1 Bb5 ({Was possible also} 34... b3 35. Rxc4
(35. cxb3 Bb5 36. Ra2 d3) 35... Rxc4 36. Nxb3 Ra4 $15 {but why Black has to be
in hurry!?}) 35. Ra1 Nc5 $17 36. f4 {Desperado attempt.} e4 37. f5 g5 38. Qg4
Ba6 (38... d3 $5 39. cxd3 (39. Nxd3 Nxd3 40. cxd3 Qc5+ 41. Kh1 exd3 $19) 39...
Bxd3 {[%csl Yc5,Yd3]}) 39. Nb3 (39. Bf3 d3 (39... Rd5 $5) 40. cxd3 (40. Nxd3
Nxd3 41. cxd3 Qc5+ $19) 40... c2 41. Nd2 Qe5 $17) 39... Bb7 $6 (39... Nxb3 $1
40. cxb3 (40. Rxe4 Qc5 (40... Nxa1 41. Rxe7+ Rxe7) 41. cxb3 c2 42. Nd2 d3+ 43.
Kh2 Qc3 $19) 40... d3 41. Rxe4 Qc5+ 42. Kh2 c2 $19) 40. Nxc5 Qxc5 41. h4 (41.
a6 $5) 41... d3+ 42. Kh2 Qf2 43. Qg3 Qxg3+ 44. Kxg3 gxh4+ (44... b3 $5) 45.
Kxh4 (45. Kf4 b3 (45... e3 46. Kxe3 Bxg2 $17) 46. cxb3 c2 47. Bxc2 Rxc2 48. a6
Ba8 49. a7 Rxg2 $19) 45... b3 $1 46. Na3 (46. cxb3 c2 47. Bxc2 Rxc2 $19) 46...
b2 47. Rb1 Rd5 $1 48. Rxe4 Rxa5 $19 49. Rg4+ (49. Rc4 Rxc4+ 50. Nxc4 Ra1 51.
Na3 Be4) 49... Kf8 50. cxd3 Rxa3 51. Bc2 Ra1 52. Rb4 Bd5 0-1

[Event "Rohde op 06th"]
[Site "Sautron"]
[Date "2006.11.03"]
[Round "8"]
[White "Shirazi, Kamran"]
[Black "Bedouin, Xavier"]
[Result "1-0"]
[WhiteElo "2406"]
[BlackElo "2342"]
[Annotator "RR"]
[PlyCount "101"]
[EventDate "2006.10.28"]
[EventType "swiss"]
[EventRounds "9"]
[EventCountry "FRA"]
[SourceTitle "EXT 2007"]
[Source "ChessBase"]
[SourceDate "2006.11.23"]
[SourceVersion "1"]
[SourceVersionDate "2006.11.23"]
[SourceQuality "1"]

1. d4 d5 2. Bg5 {Beaucoup joué dans les années 90 notamment par ADAMS mais les
noirs ont actuellement des bons résultats} h6 3. Bh4 c6 {[%cal Gd8b6,Gb6b2]} 4.
Nc3 Qb6 (4... Bf5) 5. Rb1 Bf5 6. e3 e6 7. g4 ({RR} 7. Bd3 Bxd3 8. cxd3 {RR} Be7
9. Bg3 Nf6 10. Nf3 Nbd7 11. O-O O-O 12. b4 Rac8 13. Na4 Qa6 14. Qb3 b6 15. Rfc1
c5 16. dxc5 bxc5 17. bxc5 Nxc5 18. Nxc5 Bxc5 19. h3 Bb6 20. Ne5 {1/2-1/2
Hasangatin,R (2416)-Skatchkov,P (2468)/Alushta 2005/CBM 106 ext}) 7... Bg6 $6
$146 {les noirs devront ensuite concéder un tempo important avec Nf4 qui
permet ensuite Nh5} (7... Bh7 $142 {Fries Nielsen,J (2398)-Pedersen,G (2251)
Politiken Cup 26th (6) 1/2}) 8. Nge2 {[%cal Ge2f4]} Be7 9. Bg3 Nf6 10. Nf4 $1
Bh7 11. Nh5 $1 Nxh5 12. gxh5 {[%csl Rg7] le plan original du MI lui a donné
une bonne initiiative, le P doublé h5 est une force et non pas une faiblesse}
Nd7 13. Bd3 $1 Bxd3 14. cxd3 Bf6 15. O-O O-O 16. b4 {[%csl Rc5]} e5 17. Na4 (
17. dxe5 Nxe5 18. b5 Nf3+ 19. Qxf3 Bxc3 20. bxc6 Qxc6 21. Rfc1 $14) 17... Qd8
18. dxe5 Bxe5 19. Nc5 Bxg3 20. hxg3 Nxc5 21. bxc5 $16 Qd7 22. Rb4 b5 23. cxb6
axb6 24. Rxb6 Rxa2 25. Qf3 c5 26. Rfb1 Raa8 27. Rb7 Qe6 28. R1b6 Qe5 29. Rd7
Rad8 30. Rbb7 $36 Rxd7 31. Rxd7 Qa1+ 32. Kg2 c4 33. d4 c3 34. Rc7 Qa5 35. Qf4 (
35. Rc5 $4 Qxc5 36. dxc5 c2) (35. Rc6) 35... Qb4 36. Qf5 Qd6 $2 37. Rxc3 Rd8
38. Rc5 {malgré les pièces lourdes, le MI a des bonnes chances de concrétiser
son avantage matériel} Rd7 39. Ra5 Rd8 40. Ra7 Qe6 41. Qxe6 fxe6 42. Re7 $18
Rd6 43. Kf3 Kf8 44. Ra7 Rb6 45. Kf4 Rb2 46. Ke5 Rxf2 47. Kxe6 Rf6+ 48. Kxd5 Rf3
49. e4 Rxg3 50. Ke6 g6 51. d5 1-0

[Event "Rohde op 06th"]
[Site "Sautron"]
[Date "2006.10.29"]
[Round "2"]
[White "Dobrev, Nanko"]
[Black "Gerard, Nicolas"]
[Result "1-0"]
[WhiteElo "2429"]
[BlackElo "2333"]
[Annotator "RR"]
[PlyCount "79"]
[EventDate "2006.10.28"]
[EventType "swiss"]
[EventRounds "9"]
[EventCountry "FRA"]
[SourceTitle "EXT 2007"]
[Source "ChessBase"]
[SourceDate "2006.11.23"]
[SourceVersion "1"]
[SourceVersionDate "2006.11.23"]
[SourceQuality "1"]

1. d4 Nf6 2. Nf3 g6 3. Nc3 d5 4. Bf4 Bg7 5. e3 O-O 6. Be2 c5 7. Ne5 ({RR} 7.
dxc5) 7... cxd4 {Nc6 semble donner des meilleurs résultats} (7... Nc6) 8. exd4
Qb6 $5 ({RR} 8... Nbd7 9. h4 Nxe5 10. Bxe5 a6 11. h5 b5 12. a3 Be6 13. Qd2 Qd7
14. f3 Qb7 15. Kf2 Rac8 16. Bd3 Qd7 17. Rh4 Bf5 18. Bxf5 Qxf5 19. g4 Qd7 20.
Rah1 gxh5 21. Bxf6 Bxf6 22. Rxh5 Rfd8 23. Rxh7) 9. a3 {[%cal Gc3a4]} ({RR} 9.
Qd2 {RR} Qxb2 10. Rb1 Qa3 11. Nb5 Qxa2 12. O-O Ne4 13. Qe1 Nc6 14. Ra1 Qb2 ({RR
} 14... Qxc2 15. Bd3 Qb3 16. Ra3) 15. Rb1 Qxc2 16. Bd3 Qa4 17. Ra1 Nxe5 18.
Rxa4 Nxd3 19. Qe3 Nxf4 20. Qxf4 Bd7 21. Rb4 a5 22. Rb2 Rfc8 ({RR} 22... Bxb5
23. Rxb5 Nc3 24. Rb2 b5) 23. Qe3 a4 24. h3 {Oliwa,M (2405)-Wojtkiewicz,A (2530)
/Warsaw 1995/EXT 99/[Bulletin]/0-1 (40)} ({RR} 24. Na3 Rc3)) 9... Nc6 10. Nb5
$6 $146 (10. Nxc6 $142 bxc6 11. Na4 $14 {[%cal Ga4b2,Ga4b6,Ga4c5];Okhotnik,V 
(2460)-Lorand,P (2145) Le Touquet op 17th (8) 1-0}) 10... Ne8 11. O-O a6 12.
Nc3 Nxd4 13. Nxd5 Nxe2+ 14. Qxe2 Qe6 15. Nc3 f6 16. Nc4 Qxe2 17. Nxe2 e5 18.
Nb6 Rb8 (18... exf4 19. Nxa8) 19. Be3 f5 20. Rad1 {[%cal Ge3c1]} Nf6 21. Bc5
Be6 (21... Re8 22. Bd6) 22. Bxf8 Bxf8 23. Nc3 Bc5 24. Nca4 (24. Nba4 $2 Bd4 {
[%cal Gb7b5]}) 24... Be7 25. h4 f4 26. f3 Bf5 {[%csl Rc2]} 27. Rf2 g5 $2 28.
Re1 (28. hxg5 Nh5) 28... Nd7 29. Rd2 (29. Nxd7 Bxd7 30. Nb6 Rd8 31. Rxe5 Bf6
32. Rd5 {[%csl Rd7,Rd8][%cal Ob6d7,Gf2d2]}) 29... Nxb6 30. Nxb6 Bf6 $4 (30...
Bc5+ 31. Kf1 Bxb6 32. Rxe5 Rf8 (32... Be3)) 31. Nd7 Bxd7 32. Rxd7 Rc8 33. Rxb7
Rxc2 34. Rb6 Kf7 35. Rxa6 h5 36. Rb1 g4 37. Rxf6+ Kxf6 38. b4 e4 39. fxe4 Ke5
40. b5 1-0

[Event "URS-chT Cup 11th"]
[Site "Rostov on Don"]
[Date "1980.05.??"]
[Round "2"]
[White "Palatnik, Semon"]
[Black "Geller, Efim P"]
[Result "1-0"]
[WhiteElo "2500"]
[BlackElo "2550"]
[Annotator "RR"]
[PlyCount "29"]
[EventDate "1980.05.23"]
[EventType "team-tourn"]
[EventRounds "7"]
[EventCountry "URS"]
[SourceTitle "EXT 2020"]
[Source "ChessBase"]
[SourceDate "2019.10.17"]
[SourceVersion "1"]
[SourceVersionDate "2019.10.17"]
[SourceQuality "1"]
[WhiteTeam "Country Societies"]
[BlackTeam "Soviet Army"]
[WhiteTeamCountry "URS"]
[BlackTeamCountry "URS"]

1. d4 Nf6 2. Bg5 d5 3. Bxf6 exf6 4. e3 Be6 5. Nd2 Nd7 6. c4 (6. Bd3) 6... Bb4
$146 (6... dxc4 {Trompowsky,O-Van Scheltinga,T Buenos Aires ol (Men) fin-A
1939 (10) 1/2}) 7. cxd5 Bxd5 8. Ne2 O-O 9. Nc3 Nb6 10. a3 Bxc3 11. bxc3 c5 12.
Bd3 (12. c4 $5 Bc6 13. d5 $14) 12... cxd4 13. cxd4 Bxg2 $4 {Etonnante gaffe de
la part d'un joueur aussi fort et expérimenté que GELLER!} 14. Rg1 Bc6 15.
Rxg7+ $3 {[%csl Rh7][%cal Gd1g4,Gg4f5][%mdl 8192] le mat est imparable} 1-0

[Event "Rohde op 07th"]
[Site "Sautron"]
[Date "2007.10.29"]
[Round "4"]
[White "Okhotnik, Vladimir"]
[Black "Bojkov, Dejan"]
[Result "1/2-1/2"]
[WhiteElo "2433"]
[BlackElo "2520"]
[Annotator "RR"]
[PlyCount "43"]
[EventDate "2007.10.27"]
[EventType "swiss"]
[EventRounds "9"]
[EventCountry "FRA"]
[SourceTitle "EXT 2008"]
[Source "ChessBase"]
[SourceDate "2007.11.25"]
[SourceVersion "1"]
[SourceVersionDate "2007.11.25"]
[SourceQuality "1"]

1. d4 Nf6 2. Nf3 g6 3. Nc3 d5 4. Bf4 {[%cal Gh2h4,Gf3e5] L'interessante
attaque MURSHED, souvent jouée avec succès par les GMI ROGERS et BLATNY. Les
GMI anglais HEBDEN et HODGSON étaient également des spécialistes de ce système}
Bg7 5. Qd2 $6 {C'est quasiment une faute théorique car 5.e3 est la seule
manière de garder une petite initiative} (5. e3 $142 O-O (5... Bg4 $1 {[%cal
Gg4f3] L'idée est d'échanger le N qui est la principale pièce d'attaque} 6. Be2
O-O 7. Ne5 $8 (7. h3 $6 Bxf3 $11) 7... Bxe2 8. Qxe2 c6 {[%csl Rb2][%cal Gb7b5,
Gd8b6]} 9. h4 Nbd7 10. O-O-O Nxe5 11. Bxe5 b5 12. h5 b4 $13) 6. Be2 c5 (6... b6
7. Ne5 $1 Bb7 8. h4 c5 9. h5 Nc6 10. hxg6 $36) 7. Ne5 $1 {[%cal Gh2h4]} Nc6 (
7... cxd4 8. exd4 Nc6 9. O-O) (7... b6 8. h4 $1 $36 {Le théme de l'attaque}) 8.
O-O) (5. h3 {Retombe sur un système de Londres où le Nc3 est assez mal placé
devant le P}) 5... O-O (5... Ne4 6. Nxe4 dxe4 7. Ne5 Be6 $11) 6. Bh6 Ne4 $1 7.
Nxe4 dxe4 8. Bxg7 Kxg7 9. Ne5 c5 $11 10. O-O-O f6 11. Nc4 Qxd4 12. Qxd4 cxd4
13. Rxd4 Nc6 $146 ({RR} 13... Bf5) 14. Rxe4 Bf5 15. Re3 Rfc8 16. g4 Bxg4 17.
Bg2 Kf8 18. Rd1 Rc7 19. b3 Rac8 20. a4 Bf5 21. Rd2 b6 22. Bh3 1/2-1/2

[Event "Vandoeuvre op 11th"]
[Site "Vandoeuvre"]
[Date "2014.12.30"]
[Round "9"]
[White "Godart, Francois"]
[Black "Guliyev, Namig"]
[Result "1/2-1/2"]
[WhiteElo "2370"]
[BlackElo "2557"]
[Annotator "RR"]
[PlyCount "66"]
[EventDate "2014.12.26"]
[EventType "swiss"]
[EventRounds "9"]
[EventCountry "FRA"]
[SourceTitle "EXT 2017"]
[Source "ChessBase"]
[SourceDate "2016.10.25"]
[SourceVersion "1"]
[SourceVersionDate "2016.10.25"]
[SourceQuality "1"]

1. d4 {90} d5 2. Bf4 {Le système de Londres "amélioré" et le GMI ne pourra
pas jouer son gambit-dame accepté} c5 $1 3. e3 Nc6 4. dxc5 (4. c3 {La grande
ligne} Nf6 5. Nd2 e6 6. Bd3) 4... Nf6 5. Bb5 Qa5+ 6. Nc3 a6 7. Bxc6+ bxc6 8.
Qd4 Bf5 9. b4 (9. Nge2) 9... Qa3 $146 (9... Qd8 10. Nf3 {Reddmann,H (2351)
-Nedic,D (2260) Hamburg-ch int 11th 2008 (4) 1-0}) 10. Nge2 a5 11. b5 $1 e6 12.
b6 $1 Bxc5 13. Qa4 (13. b7 $5) 13... Kd7 14. b7 Rab8 15. Bxb8 Rxb8 16. O-O Kc7
17. Rab1 e5 18. Qh4 Bxc2 $44 19. Rbc1 Bg6 20. Qg3 Re8 (20... Bd6) 21. e4 $5 Kb8
22. Rb1 Nxe4 23. Nxe4 Bxe4 24. Rbc1 d4 {[%csl Gd4]} 25. Qg4 Bd5 26. Qd7 Rf8 27.
Rfd1 Be7 28. Qf5 Qd6 29. Ng3 g6 30. Qd3 Qb4 31. Qa6 Qxb7 32. Rb1 Bb4 33. Qe2 f6
{Suite illisible et nulle au 60ème coup} 1/2-1/2

[Event "EU-chT (Men) 18th"]
[Site "Porto Carras"]
[Date "2011.11.06"]
[Round "4.4"]
[White "Kosic, Dragan"]
[Black "Olafsson, Helgi"]
[Result "0-1"]
[WhiteElo "2502"]
[BlackElo "2531"]
[Annotator "RR"]
[PlyCount "118"]
[EventDate "2011.11.03"]
[EventType "team-swiss"]
[EventRounds "9"]
[EventCountry "GRE"]
[SourceTitle "CBM 146"]
[Source "ChessBase"]
[SourceDate "2012.01.18"]
[SourceVersion "1"]
[SourceVersionDate "2012.01.18"]
[SourceQuality "1"]
[WhiteTeam "Montenegro"]
[BlackTeam "Iceland"]
[WhiteTeamCountry "MNE"]
[BlackTeamCountry "ISL"]

1. d4 Nf6 2. Bg5 d5 3. Bxf6 exf6 4. e3 Bd6 5. c4 dxc4 6. Bxc4 O-O 7. Nc3 f5 8.
Nf3 Nd7 9. Qc2 c6 10. O-O-O Nf6 11. Kb1 Qe7 12. Bd3 g6 13. Rhe1 Be6 14. Ng5
Rad8 15. Nxe6 Qxe6 16. h3 Rfe8 17. Na4 Kg7 18. Re2 h5 19. Nc5 Qe7 20. Nb3 h4
21. Nd2 a6 22. Rc1 Nd5 23. a3 Qg5 24. Rg1 Re7 25. Nf3 Qf6 26. Rc1 Bc7 27. Qb3
b5 28. Qd1 a5 29. Rec2 Re6 30. Nd2 a4 31. Be2 Ba5 32. Bf3 Ne7 33. Ka1 Rdd6 34.
Nb1 f4 35. Qd3 fxe3 36. fxe3 Nf5 37. Re2 Qg5 38. d5 cxd5 39. Qxb5 Rxe3 40. Rxe3
Qxe3 41. Rd1 Bd8 42. Nc3 Bf6 43. Qd3 Bxc3 44. Qxc3+ d4 45. Qa5 d3 46. Bg4 $2 (
46. Qc3+ Rd4 47. Bg4) 46... Nd4 $19 47. Ka2 Qe4 $2 (47... Rc6 48. Bd7 Rc2 $19)
48. Qc3 $15 Qxg2 49. Rxd3 Qd5+ 50. Kb1 Kh7 51. Qe1 g5 52. Qe7 Kg7 53. Qe3 Kf6
54. Qe8 Kg7 55. Qe3 Kf8 56. Rc3 Nb3 57. Rc8+ Kg7 58. Qe1 Rf6 59. Rc3 {[%tqu
"En","","","","f6f1","",10]} Rf1 $1 0-1

[Event "POL-chT 66th"]
[Site "Katowice"]
[Date "2010.09.12"]
[Round "9"]
[White "Pakleza, Zbigniew"]
[Black "Tazbir, Marcin"]
[Result "1/2-1/2"]
[WhiteElo "2509"]
[BlackElo "2523"]
[Annotator "RR"]
[PlyCount "30"]
[EventDate "2010.09.04"]
[EventType "team-tourn"]
[EventRounds "9"]
[EventCountry "POL"]
[SourceTitle "EXT 2016"]
[Source "ChessBase"]
[SourceDate "2015.10.08"]
[SourceVersion "1"]
[SourceVersionDate "2015.10.08"]
[SourceQuality "1"]
[WhiteTeam "Lublin"]
[BlackTeam "Wroclaw"]
[WhiteTeamCountry "POL"]
[BlackTeamCountry "POL"]

1. d4 d5 2. Bf4 Nf6 3. e3 {[%cal Gd1f3]} c5 4. c3 Nc6 5. Nd2 b6 6. Ngf3 (6. Bd3
e6 7. Ngf3 (7. Qf3 $5 $146)) 6... Bb7 7. Ne5 Nd7 8. Nxc6 Bxc6 9. Bd3 g6 10. h4
Bg7 11. h5 e5 $11 12. dxe5 Nxe5 13. Nf3 Nxd3+ 14. Qxd3 Qe7 15. hxg6 O-O 1/2-1/2